<?xml version="1.0" encoding="UTF-8"?>
<record
    xmlns:xsi="http://www.w3.org/2001/XMLSchema-instance"
    xsi:schemaLocation="http://www.loc.gov/MARC21/slim http://www.loc.gov/standards/marcxml/schema/MARC21slim.xsd"
    xmlns="http://www.loc.gov/MARC21/slim">

  <leader>01462nam0a22003371  4500</leader>
  <controlfield tag="001">rc\3194201</controlfield>
  <controlfield tag="005">20260408003134.0</controlfield>
  <datafield tag="021" ind1=" " ind2=" ">
    <subfield code="a">RU</subfield>
    <subfield code="b">&#x420;&#x433;1091-77</subfield>
  </datafield>
  <datafield tag="021" ind1=" " ind2=" ">
    <subfield code="a">RU</subfield>
    <subfield code="b">76-&#x41E;&#x42D;-242/12</subfield>
  </datafield>
  <datafield tag="035" ind1=" " ind2=" ">
    <subfield code="a">(NLR Aleph) 007355338</subfield>
  </datafield>
  <datafield tag="090" ind1=" " ind2=" ">
    <subfield code="a">6251924</subfield>
    <subfield code="c">6251924</subfield>
  </datafield>
  <datafield tag="100" ind1=" " ind2=" ">
    <subfield code="a">20120628d1976    u  y0rusy50      ca</subfield>
  </datafield>
  <datafield tag="101" ind1="0" ind2=" ">
    <subfield code="a">rus</subfield>
  </datafield>
  <datafield tag="102" ind1=" " ind2=" ">
    <subfield code="a">RU</subfield>
  </datafield>
  <datafield tag="105" ind1=" " ind2=" ">
    <subfield code="a">y   z   |||||</subfield>
  </datafield>
  <datafield tag="200" ind1="1" ind2=" ">
    <subfield code="a">&#x41F;&#x440;&#x438;&#x43D;&#x446;&#x438;&#x43F;&#x44B; &#x43A;&#x43E;&#x43D;&#x441;&#x442;&#x440;&#x443;&#x438;&#x440;&#x43E;&#x432;&#x430;&#x43D;&#x438;&#x44F; &#x43A;&#x440;&#x443;&#x43F;&#x43D;&#x43E;&#x43F;&#x430;&#x43D;&#x435;&#x43B;&#x44C;&#x43D;&#x44B;&#x445; &#x438; &#x43C;&#x43E;&#x43D;&#x43E;&#x43B;&#x438;&#x442;&#x43D;&#x44B;&#x445; &#x436;&#x438;&#x43B;&#x44B;&#x445; &#x437;&#x434;&#x430;&#x43D;&#x438;&#x439;</subfield>
    <subfield code="e">[&#x414;&#x43E;&#x43A;&#x43B;.</subfield>
    <subfield code="f">&#x421;&#x438;&#x43C;&#x43F;&#x43E;&#x437;&#x438;&#x443;&#x43C; &#x43F;&#x43E; &#x43C;&#x43D;&#x43E;&#x433;&#x43E;&#x44D;&#x442;&#x430;&#x436;&#x43D;&#x44B;&#x43C; &#x437;&#x434;&#x430;&#x43D;&#x438;&#x44F;&#x43C;</subfield>
  </datafield>
  <datafield tag="210" ind1=" " ind2=" ">
    <subfield code="a">&#x41C;&#x43E;&#x441;&#x43A;&#x432;&#x430;</subfield>
    <subfield code="c">&#x411;. &#x438;.</subfield>
    <subfield code="d">1976]</subfield>
  </datafield>
  <datafield tag="215" ind1=" " ind2=" ">
    <subfield code="a">12 &#x43B;.</subfield>
    <subfield code="d">29</subfield>
  </datafield>
  <datafield tag="300" ind1=" " ind2=" ">
    <subfield code="a">&#x41D;&#x430; 3-&#x43C; &#x43B;. &#x430;&#x432;&#x442;.: &#x43A;. &#x442;. &#x43D;. &#x41C;&#x430;&#x43A;&#x43B;&#x430;&#x43A;&#x43E;&#x432;&#x430; &#x413;., &#x438;&#x43D;&#x436;. &#x421;&#x435;&#x440;&#x433;&#x435;&#x435;&#x432; &#x414;.&#x414;., &#x43A;. &#x442;. &#x43D;. &#x421;&#x43E;&#x43A;&#x43E;&#x43B;&#x43E;&#x432;, &#x41C;.&#x415;.</subfield>
  </datafield>
  <datafield tag="320" ind1=" " ind2=" ">
    <subfield code="a">&#x411;&#x438;&#x431;&#x43B;&#x438;&#x43E;&#x433;&#x440;.: &#x43B;. 12</subfield>
  </datafield>
  <datafield tag="700" ind1=" " ind2="1">
    <subfield code="6">z01790</subfield>
    <subfield code="a">&#x41C;&#x430;&#x43A;&#x43B;&#x430;&#x43A;&#x43E;&#x432;&#x430;</subfield>
    <subfield code="b">&#x422;.&#x413;.</subfield>
    <subfield code="g">&#x422;&#x430;&#x442;&#x44C;&#x44F;&#x43D;&#x430; &#x413;&#x435;&#x43E;&#x440;&#x433;&#x438;&#x435;&#x432;&#x43D;&#x430;</subfield>
  </datafield>
  <datafield tag="701" ind1=" " ind2="1">
    <subfield code="a">&#x421;&#x43E;&#x43A;&#x43E;&#x43B;&#x43E;&#x432;</subfield>
    <subfield code="b">&#x41C;.&#x415;.</subfield>
  </datafield>
  <datafield tag="701" ind1=" " ind2="1">
    <subfield code="7">ca</subfield>
    <subfield code="8">rus</subfield>
    <subfield code="a">&#x421;&#x435;&#x440;&#x433;&#x435;&#x435;&#x432;</subfield>
    <subfield code="b">&#x414;. &#x414;.</subfield>
    <subfield code="c">&#x438;&#x43D;&#x436;&#x435;&#x43D;&#x435;&#x440;, &#x430;&#x440;&#x445;&#x438;&#x442;&#x435;&#x43A;&#x442;&#x443;&#x440;&#x430;</subfield>
    <subfield code="g">&#x414;&#x43C;&#x438;&#x442;&#x440;&#x438;&#x439; &#x414;&#x43C;&#x438;&#x442;&#x440;&#x438;&#x435;&#x432;&#x438;&#x447;</subfield>
    <subfield code="9">213695</subfield>
    <subfield code="3">RU\NLR\AUTH\770213751</subfield>
  </datafield>
  <datafield tag="712" ind1="1" ind2="2">
    <subfield code="a">"&#x41C;&#x43D;&#x43E;&#x433;&#x43E;&#x44D;&#x442;&#x430;&#x436;&#x43D;&#x44B;&#x435; &#x437;&#x434;&#x430;&#x43D;&#x438;&#x44F;", &#x43C;&#x435;&#x436;&#x434;&#x443;&#x43D;&#x430;&#x440;&#x43E;&#x434;&#x43D;&#x44B;&#x439; &#x441;&#x438;&#x43C;&#x43F;&#x43E;&#x437;&#x438;&#x443;&#x43C;</subfield>
    <subfield code="d">3</subfield>
    <subfield code="f">1976</subfield>
    <subfield code="e">&#x41C;&#x43E;&#x441;&#x43A;&#x432;&#x430;</subfield>
    <subfield code="3">RU\NLR\AUTH\8810167639</subfield>
    <subfield code="9">831091</subfield>
  </datafield>
  <datafield tag="790" ind1=" " ind2="1">
    <subfield code="6">z01700</subfield>
    <subfield code="a">&#x41C;&#x430;&#x43A;&#x43B;&#x430;&#x43A;&#x43E;&#x432;&#x430;</subfield>
    <subfield code="b">&#x413;.</subfield>
  </datafield>
  <datafield tag="801" ind1=" " ind2="0">
    <subfield code="a">RU</subfield>
    <subfield code="b">NLR</subfield>
    <subfield code="g">psbo</subfield>
  </datafield>
  <datafield tag="801" ind1=" " ind2="1">
    <subfield code="a">RU</subfield>
    <subfield code="b">ELAR</subfield>
    <subfield code="2">rusmarc</subfield>
  </datafield>
  <datafield tag="852" ind1=" " ind2=" ">
    <subfield code="a">NLR</subfield>
    <subfield code="j">77-8/86</subfield>
  </datafield>
  <datafield tag="942" ind1=" " ind2=" ">
    <subfield code="c">BOOK</subfield>
  </datafield>
  <datafield tag="980" ind1=" " ind2=" ">
    <subfield code="a">NB</subfield>
  </datafield>
  <datafield tag="995" ind1=" " ind2=" ">
    <subfield code="5">2013-10-26</subfield>
    <subfield code="b">NLR01</subfield>
    <subfield code="c">NLR01</subfield>
    <subfield code="e">RF91</subfield>
    <subfield code="f">7355338-10</subfield>
    <subfield code="k">77-8/86</subfield>
    <subfield code="o">0</subfield>
    <subfield code="r">BOOK</subfield>
    <subfield code="s">77886_</subfield>
  </datafield>
</record>
